[Event "Schachbezirk Mittelfranken BezEM  A 2025"]
[Site "Nürnberg"]
[Date "2025.06.06"]
[Round "1.1"]
[White "Meulner, Klaus"]
[Black "Böhme, Sebastian"]
[Result "0-1"]
[WhiteElo "1990"]
[BlackElo "2279"]
[PlyCount "63"]
[EventDate "2025.??.??"]
[WhiteTeam "SW Nürnberg Süd"]
[BlackTeam "SC Erlangen"]

1. d4 e6 2. e4 d5 3. e5 c5 4. c3 Nc6 5. Nf3 Bd7 6. Bd3 cxd4 7. O-O Rc8 8. Re1 Nge7 9. h4 Nf5 10. Bxf5 exf5 11. cxd4 Be7 12. Nc3 Be6 13. Bg5 a6 14. Rc1 h6 15. Bxe7 Qxe7 16. Qd2 Rg8 17. h5 g5 18. hxg6 Rxg6 19. Ne2 Rg4 20. Nf4 Kd8 21. Rc5 Kc7 22. b4 Kb8 23. Rec1 Na7 24. a4 Rgg8 25. b5 axb5 26. axb5 b6 27. Rxc8+ Rxc8 28. Rxc8+ Kxc8 29. Ne2 Nxb5 30. Qxh6 Kb7 31. Qd2 Qa3 32. g3 0-1

[Event "Schachbezirk Mittelfranken BezEM  A 2025"]
[Site "Nürnberg"]
[Date "2025.06.06"]
[Round "1.2"]
[White "Wagner, Florian"]
[Black "König, Oliver"]
[Result "1-0"]
[WhiteElo "2204"]
[BlackElo "1961"]
[PlyCount "97"]
[EventDate "2025.??.??"]
[WhiteTeam "SW Nürnberg Süd"]
[BlackTeam "SG Fürth"]

1. e4 Nc6 2. Nc3 Nf6 3. d4 d6 4. Nf3 g6 5. Be2 Bg7 6. O-O O-O 7. h3 e5 8. Be3 exd4 9. Nxd4 Re8 10. Nxc6 bxc6 11. Bf3 Nd7 12. Re1 a5 13. Qd2 Ba6 14. Be2 a4 15. Bxa6 Rxa6 16. Rab1 Ra8 17. Bg5 Qb8 18. a3 Nc5 19. f3 Ne6 20. Be3 Qd8 21. Qd3 Be5 22. Qc4 Qh4 23. Qxc6 Qg3 24. Ne2 Qh4 25. Bf2 Qg5 26. c3 Reb8 27. Qd5 Ra5 28. Qd1 Qh6 29. Nd4 Nf4 30. h4 Rb6 31. Ne2 Nxe2+ 32. Qxe2 g5 33. Bxb6 cxb6 34. h5 Bg3 35. Qe3 Qxh5 36. Red1 g4 37. fxg4 Qh2+ 38. Kf1 Qh1+ 39. Qg1 Qh4 40. Rd3 Qxg4 41. Qe3 Bf4 42. Qf3 Qg5 43. Rd5 Rxd5 44. exd5 Be3 45. Re1 Bc5 46. g3 f5 47. Qf4 Qh5 48. Kg2 Kf7 49. Qxa4 1-0

[Event "Schachbezirk Mittelfranken BezEM  A 2025"]
[Site "Nürnberg"]
[Date "2025.06.06"]
[Round "1.3"]
[White "Vogiatzis, Dimitrios"]
[Black "Just, Hannes"]
[Result "0-1"]
[WhiteElo "1939"]
[BlackElo "2152"]
[PlyCount "56"]
[EventDate "2025.??.??"]
[WhiteTeam "NT Nürnberg"]
[BlackTeam "SW Nürnberg Süd"]

1. b3 e5 2. Bb2 Nc6 3. e3 d5 4. Nf3 e4 5. Ng1 a6 6. d4 Nce7 7. Ba3 f5 8. g3 Nf6 9. Bg2 Be6 10. Ne2 Qd7 11. Nd2 g6 12. O-O g5 13. c4 h5 14. cxd5 Nfxd5 15. Nc4 Bg7 16. Ne5 Bxe5 17. dxe5 h4 18. Qd2 O-O-O 19. Nd4 Nc6 20. Nxc6 Qxc6 21. Rfc1 Qe8 22. Qa5 Rh7 23. Bf1 hxg3 24. Bxa6 gxf2+ 25. Kxf2 Rxh2+ 26. Kg1 Kb8 27. Bxb7 Kxb7 28. Rc5 Rh1+ 0-1

[Event "Schachbezirk Mittelfranken BezEM  A 2025"]
[Site "Nürnberg"]
[Date "2025.06.06"]
[Round "1.4"]
[White "Braun, Michael"]
[Black "Himonakis, Michael"]
[Result "1/2-1/2"]
[WhiteElo "2064"]
[BlackElo "1889"]
[PlyCount "56"]
[EventDate "2025.??.??"]
[WhiteTeam "NT Nürnberg"]
[BlackTeam "NT Nürnberg"]

1. d4 Nf6 2. c4 e6 3. Nf3 d5 4. g3 Bb4+ 5. Bd2 a5 6. Bg2 O-O 7. Qc2 Ne4 8. a3 Bd6 9. O-O c6 10. Nc3 f5 11. Bf4 Be7 12. Ne5 Nd7 13. f3 Nd6 14. c5 Nf7 15. Nxf7 Rxf7 16. b4 Bf6 17. Rad1 axb4 18. axb4 Nf8 19. e3 g5 20. Bd6 b5 21. Ra1 Rfa7 22. Qb2 Bd7 23. f4 g4 24. h3 h5 25. Kf2 Ng6 26. hxg4 hxg4 27. Rxa7 Rxa7 28. Ra1 Qa8 1/2-1/2

[Event "Schachbezirk Mittelfranken BezEM  A 2025"]
[Site "Nürnberg"]
[Date "2025.06.06"]
[Round "1.5"]
[White "Pölsterl, Hans"]
[Black "Liepold, Stefan"]
[Result "1/2-1/2"]
[WhiteElo "1904"]
[BlackElo "2076"]
[PlyCount "96"]
[EventDate "2025.??.??"]
[WhiteTeam "BSG Wöhrlhaus Erlangen"]
[BlackTeam "SC Erlangen 48/88"]

1. c4 e5 2. Nc3 Nc6 3. g3 g6 4. Bg2 d6 5. e4 Bg7 6. Nge2 Be6 7. d3 Qd7 8. Nd5 Nce7 9. Be3 c6 10. Nxe7 Nxe7 11. h4 h5 12. Qd2 d5 13. cxd5 cxd5 14. f4 dxe4 15. dxe4 Qxd2+ 16. Bxd2 Nc6 17. Bc3 O-O-O 18. O-O Bg4 19. Bf3 Rd3 20. Bxg4+ hxg4 21. Rad1 Rhd8 22. Rxd3 Rxd3 23. Kg2 Re3 24. Kf2 Rxe4 25. Rc1 Kd7 26. Rd1+ Ke6 27. fxe5 Bxe5 28. Bxe5 Rxe5 29. Nf4+ Kf5 30. Rd7 Re7 31. Rd5+ Ke4 32. Rd1 Ne5 33. Re1+ Kf5 34. Rc1 f6 35. Rc5 Ke4 36. Ra5 Nd3+ 37. Nxd3 Kxd3 38. Ra3+ Kd2 39. Rxa7 f5 40. b4 Re2+ 41. Kf1 Re3 42. Kg2 Re2+ 43. Kf1 Re3 44. Kg2 Re2+ 45. Kf1 Re4 46. Rxb7 Re1+ 47. Kf2 Re2+ 48. Kf1 Re1+ 1/2-1/2

[Event "Schachbezirk Mittelfranken BezEM  A 2025"]
[Site "Nürnberg"]
[Date "2025.06.06"]
[Round "1.6"]
[White "Auburger, Philipp"]
[Black "Engel, David"]
[Result "1-0"]
[WhiteElo "1985"]
[BlackElo "1891"]
[PlyCount "37"]
[EventDate "2025.??.??"]
[WhiteTeam "SC Forchheim e.V."]
[BlackTeam "Zabo-Eintracht Nürnberg e.V"]

1. e4 c5 2. c3 d5 3. exd5 Qxd5 4. d4 Nc6 5. Nf3 Bg4 6. Be2 Rd8 7. Be3 cxd4 8. cxd4 e6 9. O-O Nf6 10. h3 Bh5 11. Nc3 Qa5 12. Qb3 Qb4 13. g4 Bg6 14. Bb5 Qxb3 15. axb3 Bc2 16. Rxa7 Nd7 17. Rxb7 Na5 18. Rxd7 Rxd7 19. Ne5 1-0

[Event "Schachbezirk Mittelfranken BezEM  A 2025"]
[Site "Nürnberg"]
[Date "2025.06.06"]
[Round "1.7"]
[White "Merdian, Nick"]
[Black "Link, Andreas"]
[Result "1/2-1/2"]
[WhiteElo "1874"]
[BlackElo "2056"]
[PlyCount "20"]
[EventDate "2025.??.??"]
[WhiteTeam "SC Postbauer-Heng e.V"]
[BlackTeam "SVG Zabo  Nürnberg"]

1. d4 d5 2. c4 e6 3. Nc3 Nf6 4. cxd5 exd5 5. Bg5 Be7 6. e3 h6 7. Bh4 O-O 8. Bd3 b6 9. Nf3 Bb7 10. O-O Ne4 1/2-1/2

[Event "Schachbezirk Mittelfranken BezEM  A 2025"]
[Site "Nürnberg"]
[Date "2025.06.06"]
[Round "1.8"]
[White "Hollmann, Thomas"]
[Black "Dakic, Milan"]
[Result "0-1"]
[WhiteElo "2042"]
[BlackElo "1851"]
[PlyCount "120"]
[EventDate "2025.??.??"]
[WhiteTeam "SG Büchenbach/Roth"]
[BlackTeam "SW Nürnberg Süd e.V"]

1. e4 c5 2. Nf3 Nc6 3. d4 cxd4 4. Nxd4 e6 5. Nc3 a6 6. Nxc6 bxc6 7. Be3 d5 8. Qf3 Nf6 9. a3 Be7 10. e5 Nd7 11. Qg3 Kf8 12. Rd1 c5 13. Bc1 h5 14. h4 Qa5 15. Bd2 Qc7 16. f4 Bb7 17. Be2 d4 18. Nb1 Be4 19. Bf3 Qc6 20. O-O Bxf3 21. Rxf3 Qb6 22. Bc1 Qd8 23. Qe1 Bxh4 24. Qe4 g6 25. c3 Be7 26. Kh2 Nb6 27. cxd4 Rc8 28. Nc3 cxd4 29. Qxd4 Qc7 30. Qe4 Kg7 31. Rfd3 Rhd8 32. Rxd8 Bxd8 33. Rd6 Be7 34. Qd4 Rd8 35. Rxd8 Bxd8 36. b3 Be7 37. Bb2 Bc5 38. Qd3 Qe7 39. g3 Bxa3 40. Bxa3 Qxa3 41. Ne4 Nd5 42. Kh3 Qc1 43. Qf3 a5 44. Nd6 Qa1 45. Nc4 Nc3 46. Nd6 Nd5 47. Nc4 Qe1 48. Kh2 h4 49. g4 Qb4 50. f5 g5 51. fxe6 fxe6 52. Qf2 Qxb3 53. Qa7+ Kg6 54. Qd7 Qg3+ 55. Kh1 Qh3+ 56. Kg1 Qxg4+ 57. Kh1 Qxc4 58. Qxe6+ Kh5 59. Qf7+ Kg4 60. e6 Kg3 0-1

[Event "Schachbezirk Mittelfranken BezEM  A 2025"]
[Site "Nürnberg"]
[Date "2025.06.06"]
[Round "1.9"]
[White "Assem Gawdat Azmy, Mostafa"]
[Black "Redzepovic, Irfan"]
[Result "0-1"]
[Annotator "Dimi"]
[WhiteElo "1787"]
[BlackElo "2051"]
[PlyCount "100"]
[GameId "2186211084582961"]
[EventDate "2025.??.??"]
[WhiteTeam "SC Erlangen 48/88"]
[BlackTeam "SW Nürnberg Süd"]

{[%evp 0,29,11,25,-6,22,6,18,23,13,15,14,9,-3,11,7,-50,6,20,18,57,55,50,43,40,55,124,99,90,124,119,116]} 1. e4 e5 2. Nf3 Nc6 3. d4 exd4 4. Nxd4 Nf6 5. Nxc6 bxc6 6. e5 Qe7 7. Qe2 Nd5 8. c4 Nb6 9. b3 Qh4 10. Bb2 Bb4+ 11. Nd2 a5 12. a3 Be7 13. g3 Qh6 14. Bg2 O-O 15. O-O Re8 16. Rfe1 a4 17. b4 Ba6 18. b5 Bb7 19. Rad1 Rab8 20. bxc6 Bxc6 21. Nf3 Bc5 22. Nd4 Bxg2 23. Kxg2 Nc8 24. Bc1 Qb6 25. Qg4 Ne7 26. Be3 Ng6 27. f4 d6 28. exd6 cxd6 29. Qf3 Qb2+ 30. Rd2 Qxa3 31. Nb5 Qb4 32. Rde2 Qxc4 33. Bxc5 Rxe2+ 34. Rxe2 Qxc5 35. Nc3 a3 36. Na4 Qc4 37. Nc3 h6 38. Kh3 Qc8+ 39. g4 Rb3 40. Re3 Nxf4+ 41. Kg3 Rxc3 42. Kxf4 Rxe3 43. Qxe3 a2 44. Qa3 Qc4+ 45. Kg3 Qc2 46. g5 hxg5 47. h4 gxh4+ 48. Kh3 Qb1 49. Qxd6 Qf5+ 50. Kxh4 Qf6+ 0-1

[Event "Schachbezirk Mittelfranken BezEM  A 2025"]
[Site "Nürnberg"]
[Date "2025.06.06"]
[Round "1.10"]
[White "Erlbeck, Peter"]
[Black "Civas, Ege Noyan"]
[Result "1/2-1/2"]
[WhiteElo "2024"]
[BlackElo "1829"]
[PlyCount "50"]
[GameId "2186214437273707"]
[EventDate "2025.??.??"]
[WhiteTeam "SW Nürnberg Süd"]
[BlackTeam "SW Nürnberg Süd e.V"]

1. e4 d5 2. exd5 Nf6 3. c4 c6 4. d4 cxd5 5. Nc3 e6 6. Nf3 Be7 7. c5 O-O 8. b4 b6 9. Rb1 a5 10. a3 axb4 11. axb4 bxc5 12. bxc5 Ba6 13. Bxa6 Rxa6 14. O-O Nc6 15. Qd3 Qa8 16. Bf4 Ra3 17. Qc2 Nh5 18. Bc1 Ra6 19. g4 Nf6 20. h3 Ne4 21. Nxe4 dxe4 22. Qxe4 Nxd4 23. Qxa8 Ne2+ 24. Kg2 Rfxa8 25. Be3 Nc3 1/2-1/2

[Event "Schachbezirk Mittelfranken BezEM  A 2025"]
[Site "Nürnberg"]
[Date "2025.06.06"]
[Round "1.11"]
[White "Kaza, Charith"]
[Black "Alf, Michael"]
[Result "0-1"]
[WhiteElo "1659"]
[BlackElo "2002"]
[PlyCount "68"]
[GameId "2186217629204605"]
[EventDate "2025.??.??"]
[WhiteTeam "NT Nürnberg 1873"]
[BlackTeam "SK Leutershausen"]

1. e4 c5 2. Nf3 e6 3. d4 cxd4 4. Nxd4 a6 5. Nc3 Qc7 6. Be3 b5 7. Nb3 Nf6 8. f3 Bb7 9. Qd2 d6 10. Rd1 Be7 11. Qf2 Nbd7 12. Be2 b4 13. Na4 Bd8 14. Nd4 d5 15. O-O O-O 16. exd5 Nxd5 17. Bc1 e5 18. Nb3 Qxc2 19. Be3 Qc6 20. Nac5 Bb6 21. Rc1 Nxe3 22. Qxe3 Rac8 23. Qe4 Qxe4 24. fxe4 Nxc5 25. Nxc5 Rxc5 26. Rxc5 Bxc5+ 27. Kh1 a5 28. Bf3 Bd4 29. b3 Rc8 30. h3 g6 31. Re1 Rc2 32. Rd1 Bc8 33. Kh2 Be6 34. Kh1 Rxa2 0-1

[Event "Schachbezirk Mittelfranken BezEM  A 2025"]
[Site "Nürnberg"]
[Date "2025.06.07"]
[Round "2.1"]
[White "Böhme, Sebastian"]
[Black "Auburger, Philipp"]
[Result "1-0"]
[WhiteElo "2279"]
[BlackElo "1985"]
[PlyCount "51"]
[EventDate "2025.??.??"]
[WhiteTeam "SC Erlangen"]
[BlackTeam "SC Forchheim e.V."]

1. d4 Nf6 2. Nf3 g6 3. c4 Bg7 4. Nc3 d5 5. cxd5 Nxd5 6. e4 Nxc3 7. bxc3 O-O 8. Be2 c5 9. O-O Nc6 10. Be3 Qc7 11. Rc1 Rd8 12. Qc2 e6 13. dxc5 Bd7 14. Nd4 a6 15. Rb1 Na5 16. Qb2 e5 17. Nc2 Be6 18. Qb6 Rd7 19. Nb4 Rc8 20. Rfd1 Qxb6 21. cxb6 Rxc3 22. Rxd7 Bxd7 23. Rd1 Be6 24. Rd8+ Bf8 25. Nd5 Bxd5 26. Bh6 1-0

[Event "Schachbezirk Mittelfranken BezEM  A 2025"]
[Site "Nürnberg"]
[Date "2025.06.07"]
[Round "2.2"]
[White "Redzepovic, Irfan"]
[Black "Wagner, Florian"]
[Result "1/2-1/2"]
[WhiteElo "2051"]
[BlackElo "2204"]
[Annotator "maria&dimi"]
[PlyCount "100"]
[EventDate "2025.??.??"]
[WhiteTeam "SW Nürnberg Süd"]
[BlackTeam "SW Nürnberg Süd"]

{[%evp 0,31,18,18,18,18,22,-13,-3,-11,27,19,21,8,8,8,8,-21,-4,-30,-21,-35,-21,-42,-48,-55,-46,-45,-47,-48,-22,-33,-33,-33]} 1. d4 Nf6 2. Nf3 e6 3. c4 d5 4. e3 Nbd7 5. cxd5 exd5 6. Bd3 Bd6 7. Qc2 O-O 8. Bd2 Re8 9. O-O Qe7 10. Rc1 c6 11. Nc3 Ne4 12. Be1 Ndf6 13. a3 Bg4 14. Nd2 Bh5 15. Nf1 Bg6 16. f3 Nxc3 17. Qxc3 Nd7 18. b4 Nb6 19. Be2 Rec8 20. Qb3 a6 21. a4 Bf5 22. b5 axb5 23. axb5 Rxa1 24. Rxa1 c5 25. dxc5 Bxc5 26. Bf2 Nc4 27. Re1 Be6 28. Bd3 Ra8 29. Qc2 h6 30. e4 Bxf2+ 31. Qxf2 Qb4 32. exd5 Bxd5 33. Rb1 Qc3 34. Qe2 Qd4+ 35. Kh1 Ne5 36. Bc2 Ra1 37. Ne3 Bb3 38. Rxa1 Qxa1+ 39. Qd1 Qxd1+ 40. Bxd1 Bxd1 41. Nxd1 Kf8 42. Ne3 Ke7 43. Nf5+ Kf6 44. Nd6 b6 45. Ne8+ Kg6 46. Kg1 Nc4 47. Kf2 Na3 48. Nd6 Kf6 49. Nc8 Nxb5 50. Nxb6 Nd6 1/2-1/2

[Event "Schachbezirk Mittelfranken BezEM  A 2025"]
[Site "Nürnberg"]
[Date "2025.06.07"]
[Round "2.3"]
[White "Just, Hannes"]
[Black "Alf, Michael"]
[Result "0-1"]
[WhiteElo "2152"]
[BlackElo "2002"]
[PlyCount "124"]
[EventDate "2025.??.??"]
[WhiteTeam "SW Nürnberg Süd"]
[BlackTeam "SK Leutershausen"]

1. e4 c5 2. b3 e5 3. Bb2 Nc6 4. Nc3 d6 5. Bc4 Nf6 6. d3 g6 7. f4 exf4 8. Nce2 Bg7 9. Nxf4 O-O 10. Nf3 Bh6 11. Nd5 Nxd5 12. Bxd5 Qa5+ 13. c3 Ne7 14. O-O Nxd5 15. exd5 Bg7 16. d4 Bg4 17. Kh1 cxd4 18. c4 Rae8 19. Bxd4 Bxf3 20. Rxf3 Bxd4 21. Qxd4 Re1+ 22. Rxe1 Qxe1+ 23. Qg1 Re8 24. h3 Qa5 25. Qf2 Qe1+ 26. Qxe1 Rxe1+ 27. Kh2 Kg7 28. Rf2 f5 29. Kg3 Kf6 30. Rd2 b6 31. Kf2 Re4 32. Kf3 Ke5 33. g4 f4 34. h4 h6 35. Kf2 Re3 36. b4 Re4 37. Rc2 b5 38. c5 dxc5 39. bxc5 Kxd5 40. c6 Re8 41. g5 hxg5 42. hxg5 Rc8 43. c7 Kd6 44. Kf3 Rxc7 45. Rb2 Rc5 46. Kxf4 a5 47. Rh2 Rc4+ 48. Kf3 Ke5 49. Rd2 Rf4+ 50. Kg3 Rd4 51. Rc2 b4 52. Kf3 Rd3+ 53. Kg4 Rc3 54. Re2+ Kd5 55. Kf4 Rc4+ 56. Kf3 a4 57. Rd2+ Rd4 58. Re2 Rd3+ 59. Kf4 b3 60. axb3 axb3 61. Re8 Rd4+ 62. Ke3 Rb4 0-1

[Event "Schachbezirk Mittelfranken BezEM  A 2025"]
[Site "Nürnberg"]
[Date "2025.06.07"]
[Round "2.4"]
[White "Dakic, Milan"]
[Black "Braun, Michael"]
[Result "0-1"]
[WhiteElo "1851"]
[BlackElo "2064"]
[PlyCount "100"]
[EventDate "2025.??.??"]
[WhiteTeam "SW Nürnberg Süd e.V"]
[BlackTeam "NT Nürnberg"]

1. e4 c5 2. Bc4 Nc6 3. c3 e6 4. Bb3 d5 5. exd5 exd5 6. Nf3 Qe7+ 7. Qe2 Nf6 8. d3 Bf5 9. Be3 Rd8 10. d4 c4 11. Ba4 Bd3 12. Qd1 Ng4 13. Kd2 Nxe3 14. fxe3 g6 15. Ne5 Rd6 16. Nxd3 cxd3 17. Kxd3 Qe4+ 18. Kd2 Qxg2+ 19. Kd3 Qe4+ 20. Kd2 Bh6 21. Re1 O-O 22. Bc2 Qg2+ 23. Re2 Qh3 24. Qg1 Re6 25. Na3 Rfe8 26. Rae1 a6 27. Bb3 Qh5 28. Qg2 Re4 29. Bc2 R4e7 30. Bd3 Qg5 31. Qf2 f5 32. Qf3 Kh8 33. Nc2 Rd8 34. Rg2 Qf6 35. Kd1 Qe6 36. h4 Rf8 37. Rf2 Ref7 38. Ref1 Ne7 39. Qh3 Kg8 40. Rf3 Kg7 41. Rg3 Kh8 42. Rfg1 Qf6 43. Qh1 f4 44. Rf3 Qb6 45. h5 g5 46. exf4 Qxb2 47. Bg6 Rxf4 48. Re3 Rf2 49. Re2 g4 50. Rxf2 Qc1+ 0-1

[Event "Schachbezirk Mittelfranken BezEM  A 2025"]
[Site "Nürnberg"]
[Date "2025.06.07"]
[Round "2.5"]
[White "Liepold, Stefan"]
[Black "Merdian, Nick"]
[Result "1-0"]
[WhiteElo "2076"]
[BlackElo "1874"]
[PlyCount "75"]
[GameId "2187215358869533"]
[EventDate "2025.??.??"]
[WhiteTeam "SC Erlangen 48/88"]
[BlackTeam "SC Postbauer-Heng e.V"]

1. e4 c5 2. Nf3 Nc6 3. d4 cxd4 4. Nxd4 e5 5. Nb5 d6 6. N1c3 a6 7. Na3 Nf6 8. Bg5 Be7 9. Nc4 Nd4 10. Bxf6 Bxf6 11. Nd5 Bg4 12. Qxg4 Nxc2+ 13. Kd2 Nxa1 14. Ncb6 Bg5+ 15. Kc3 h5 16. Qh3 O-O 17. Bc4 Rc8 18. a4 Rxc4+ 19. Nxc4 b5 20. b4 bxc4 21. Rxa1 g6 22. Kxc4 f5 23. Qd3 Qd7 24. Kb3 Qc6 25. Ra2 Qc1 26. Qc4 Qb1+ 27. Rb2 Qd1+ 28. Rc2 Qb1+ 29. Rb2 Qd1+ 30. Qc2 Qd4 31. f3 fxe4 32. Qxe4 Qd1+ 33. Ka3 Kg7 34. Nc3 Qa1+ 35. Kb3 Rf7 36. Rb1 d5 37. Qxe5+ Bf6 38. Qxf6+ 1-0

[Event "Schachbezirk Mittelfranken BezEM  A 2025"]
[Site "Nürnberg"]
[Date "2025.06.07"]
[Round "2.6"]
[White "Link, Andreas"]
[Black "Pölsterl, Hans"]
[Result "1-0"]
[WhiteElo "2056"]
[BlackElo "1904"]
[PlyCount "115"]
[GameId "2187223095612086"]
[EventDate "2025.??.??"]
[WhiteTeam "SVG Zabo  Nürnberg"]
[BlackTeam "BSG Wöhrlhaus Erlangen"]

1. e4 c6 2. d4 d5 3. exd5 cxd5 4. c4 e6 5. Nc3 Nf6 6. Bg5 Be7 7. Nf3 Nc6 8. Be2 O-O 9. O-O Ne4 10. Bxe7 Nxe7 11. c5 Bd7 12. Rc1 f5 13. Ne5 Nc6 14. f3 Nxc3 15. Rxc3 Nxe5 16. dxe5 Rc8 17. Qd4 Qa5 18. Rfc1 a6 19. f4 Bc6 20. Bd1 Kh8 21. b4 Qd8 22. a4 g5 23. Rb1 gxf4 24. b5 axb5 25. axb5 Bd7 26. Qxf4 Qa5 27. Qb4 Qd8 28. c6 Qb6+ 29. Qc5 Qxc5+ 30. Rxc5 bxc6 31. b6 Rb8 32. b7 Kg7 33. Kf2 Kf7 34. Ba4 Rfd8 35. Rb6 Re8 36. Ke3 h5 37. g3 Re7 38. Kf4 Ree8 39. Ra5 Rg8 40. Ke3 Rge8 41. Kd4 Rg8 42. Kc5 Ke7 43. Bxc6 Rg4 44. Bb5 Bxb5 45. Kxb5 Kd7 46. Ka6 Rc4 47. Rd6+ Kc7 48. Rxe6 d4 49. Re7+ Kc6 50. Ka7 Rd8 51. b8=Q Rxb8 52. Kxb8 Kb6 53. Rd5 Kc6 54. Rd6+ Kb5 55. e6 Rc2 56. Rxd4 Rxh2 57. Rc7 Re2 58. e7 1-0

[Event "Schachbezirk Mittelfranken BezEM  A 2025"]
[Site "Nürnberg"]
[Date "2025.06.07"]
[Round "2.7"]
[White "Himonakis, Michael"]
[Black "Erlbeck, Peter"]
[Result "1-0"]
[WhiteElo "1889"]
[BlackElo "2024"]
[PlyCount "47"]
[GameId "2187233621497684"]
[EventDate "2025.??.??"]
[WhiteTeam "NT Nürnberg"]
[BlackTeam "SW Nürnberg Süd"]

1. e4 c5 2. Nc3 Nc6 3. Bb5 Nd4 4. Bc4 e6 5. Nf3 a6 6. Nxd4 cxd4 7. Ne2 b5 8. Bb3 Qb6 9. O-O Bb7 10. d3 Nf6 11. Bg5 Be7 12. f4 Ng4 13. Qd2 f6 14. Bh4 a5 15. a3 Rc8 16. Bf2 a4 17. Ba2 Nxf2 18. Rxf2 O-O 19. f5 Kh8 20. Rf3 exf5 21. Rxf5 g6 22. Rf2 Qc5 23. Nf4 f5 24. Nxg6+ 1-0

[Event "Schachbezirk Mittelfranken BezEM  A 2025"]
[Site "Nürnberg"]
[Date "2025.06.07"]
[Round "2.8"]
[White "Civas, Ege Noyan"]
[Black "Hollmann, Thomas"]
[Result "0-1"]
[WhiteElo "1829"]
[BlackElo "2042"]
[PlyCount "114"]
[GameId "2187237729630257"]
[EventDate "2025.??.??"]
[WhiteTeam "SW Nürnberg Süd e.V"]
[BlackTeam "SG Büchenbach/Roth"]

1. e4 c5 2. Nf3 e6 3. d4 cxd4 4. Nxd4 Nf6 5. Nc3 Nc6 6. Ndb5 Bc5 7. Be2 O-O 8. O-O a6 9. Nd6 Qc7 10. Nxc8 Rfxc8 11. Kh1 b5 12. Bg5 Be7 13. Bd3 Nb4 14. f4 Qc5 15. e5 Nfd5 16. Ne4 Qb6 17. Qh5 Nxd3 18. cxd3 g6 19. Qh4 Qd8 20. Rf3 Rc2 21. Nf6+ Bxf6 22. exf6 Rac8 23. Re1 Rc1 24. f5 Rxe1+ 25. Qxe1 exf5 26. h3 Rc6 27. Qe5 Nxf6 28. Rf1 Re6 29. Qd4 Qb6 30. Bxf6 Rxf6 31. Qxd7 Rd6 32. Qe8+ Kg7 33. Qe5+ Kg8 34. Qe8+ Kg7 35. Qe5+ Rf6 36. Rc1 Qd6 37. Qc3 h5 38. d4 f4 39. b4 Kh7 40. Qc5 Qd7 41. Qe5 Qf5 42. Qxf5 Rxf5 43. Rc5 Rf6 44. d5 Rd6 45. Rc6 Rxd5 46. Rxa6 Kg7 47. a4 bxa4 48. Rxa4 Rd1+ 49. Kh2 Rb1 50. h4 Kf6 51. Ra6+ Kf5 52. Rb6 Kg4 53. b5 Kxh4 54. Rb8 Rb2 55. b6 f3 56. b7 Rxg2+ 57. Kh1 Rb2 0-1

[Event "Schachbezirk Mittelfranken BezEM  A 2025"]
[Site "Nürnberg"]
[Date "2025.06.07"]
[Round "2.9"]
[White "Ammon, Tobias"]
[Black "Vogiatzis, Dimitrios"]
[Result "1-0"]
[WhiteElo "2198"]
[BlackElo "1939"]
[PlyCount "51"]
[GameId "2187242804563157"]
[EventDate "2025.??.??"]
[WhiteTeam "SV Altensittenbach"]
[BlackTeam "NT Nürnberg"]

1. c4 e5 2. Nc3 Nc6 3. Nf3 f5 4. e3 Nf6 5. d4 e4 6. Ne5 d6 7. Nxc6 bxc6 8. Be2 g6 9. Qc2 Bg7 10. Bd2 O-O 11. O-O Kh8 12. b4 Bd7 13. a4 a6 14. Rfc1 Qe7 15. b5 g5 16. a5 Rfb8 17. bxc6 Bxc6 18. Rab1 Bd7 19. Nd5 Qd8 20. Rxb8 Rxb8 21. Rb1 Ne8 22. Bc3 Rxb1+ 23. Qxb1 c6 24. Qb6 Qc8 25. Nb4 Nc7 26. Nxc6 1-0

[Event "Schachbezirk Mittelfranken BezEM  A 2025"]
[Site "Nürnberg"]
[Date "2025.06.07"]
[Round "2.10"]
[White "Ulusoy, Tolga"]
[Black "Assem Gawdat Azmy, Mostafa"]
[Result "1-0"]
[WhiteElo "1998"]
[BlackElo "1787"]
[PlyCount "95"]
[GameId "2187245823422495"]
[EventDate "2025.??.??"]
[WhiteTeam "NT Nürnberg"]
[BlackTeam "SC Erlangen 48/88"]

1. e4 c5 2. d4 cxd4 3. c3 Nf6 4. e5 Nd5 5. Nf3 Nc6 6. cxd4 e6 7. a3 Qa5+ 8. Bd2 Qb6 9. Bc1 a5 10. Nc3 Nxc3 11. bxc3 d5 12. a4 h6 13. Bd3 Bd7 14. O-O Rc8 15. Bd2 Be7 16. Rb1 Qc7 17. Qb3 Rb8 18. Rb2 O-O 19. Bb1 f5 20. Bd3 Be8 21. Rc1 Bh5 22. Ne1 Bg5 23. f4 Bh4 24. g3 Be7 25. Be3 g5 26. c4 gxf4 27. gxf4 Qd7 28. cxd5 exd5 29. Bb5 Kh7 30. Rg2 Rg8 31. Bf1 Bb4 32. Bf2 Nd8 33. Rxg8 Kxg8 34. Bg2 Bf7 35. Nd3 b5 36. Nc5 Qe8 37. Bxd5 bxa4 38. Bxf7+ Nxf7 39. Qxa4 Qf8 40. Ne6 Qe7 41. d5 Bd2 42. Rd1 Rb2 43. Qd4 Qb4 44. Qd3 Bxf4 45. Qxf5 Bxh2+ 46. Kxh2 Qh4+ 47. Kg1 Rxf2 48. Qg6+ 1-0

[Event "Schachbezirk Mittelfranken BezEM  A 2025"]
[Site "Nürnberg"]
[Date "2025.06.07"]
[Round "2.11"]
[White "Engel, David"]
[Black "Meulner, Klaus"]
[Result "1-0"]
[WhiteElo "1891"]
[BlackElo "1990"]
[PlyCount "93"]
[GameId "2187593248237644"]
[EventDate "2025.??.??"]
[WhiteTeam "Zabo-Eintracht Nürnberg e.V"]
[BlackTeam "SW Nürnberg Süd"]

1. e4 e6 2. d3 d5 3. Nd2 c5 4. Ngf3 Nc6 5. g3 Nf6 6. Bg2 Be7 7. O-O h6 8. c3 O-O 9. Re1 a5 10. exd5 exd5 11. d4 a4 12. Nf1 Be6 13. dxc5 Bxc5 14. Be3 Be7 15. Nd4 Bg4 16. Qc2 Qd7 17. Nd2 Rfc8 18. N2f3 Bd6 19. Nh4 Bh3 20. Bh1 a3 21. b3 Ne7 22. Qd3 Ra5 23. Ng2 Ng6 24. f4 Ne4 25. Rac1 f5 26. Re2 Rac5 27. Rec2 h5 28. b4 Rc4 29. Nf3 Qc6 30. Bd4 Bxb4 31. Ne3 Be7 32. Nxc4 dxc4 33. Qe2 h4 34. Bg2 Bg4 35. Qe1 h3 36. Bh1 Rd8 37. Rb1 b5 38. Nd2 Bc5 39. Nxe4 fxe4 40. Qxe4 Qb6 41. Rd2 Ne7 42. Qb7 Qxb7 43. Bxb7 b4 44. Kf1 Nf5 45. Ba6 Nxd4 46. Bxc4+ Be6 47. Rxd4 1-0

[Event "Schachbezirk Mittelfranken BezEM  A 2025"]
[Site "Nürnberg"]
[Date "2025.06.07"]
[Round "2.12"]
[White "König, Oliver"]
[Black "Kaza, Charith"]
[Result "0-1"]
[WhiteElo "1961"]
[BlackElo "1659"]
[PlyCount "64"]
[GameId "2187597490477879"]
[EventDate "2025.??.??"]
[WhiteTeam "SG Fürth"]
[BlackTeam "NT Nürnberg 1873"]

1. Nc3 d5 2. e4 dxe4 3. d4 Nf6 4. Bg5 Nc6 5. d5 Ne5 6. Qd4 Ng6 7. O-O-O h6 8. Bxf6 exf6 9. Bb5+ Bd7 10. Qxe4+ Be7 11. d6 cxd6 12. Rxd6 Ne5 13. Bxd7+ Nxd7 14. Nd5 f5 15. Qe2 Kf8 16. Nxe7 Qxe7 17. Qd2 Ne5 18. Rd4 g6 19. Nh3 Kg7 20. Rd1 Rac8 21. Nf4 Rhe8 22. Kb1 Qc5 23. Nd5 Qb5 24. Rb4 Qc6 25. c3 b5 26. f4 a5 27. Rb3 Nc4 28. Qd4+ f6 29. Rxb5 Na3+ 30. bxa3 Qxb5+ 31. Ka1 Qa6 32. Rb1 Re4 0-1

[Event "Schachbezirk Mittelfranken BezEM  A 2025"]
[Site "Nürnberg"]
[Date "2025.06.07"]
[Round "3.1"]
[White "Alf, Michael"]
[Black "Böhme, Sebastian"]
[Result "0-1"]
[WhiteElo "2002"]
[BlackElo "2279"]
[PlyCount "68"]
[GameId "2187603172707844"]
[EventDate "2025.??.??"]
[WhiteTeam "SK Leutershausen"]
[BlackTeam "SC Erlangen"]

1. d4 Nf6 2. Nf3 g6 3. c4 Bg7 4. Nc3 d5 5. Qb3 dxc4 6. Qxc4 Be6 7. Qa4+ Bd7 8. Qb3 c5 9. dxc5 Na6 10. Ne5 O-O 11. c6 Bxc6 12. Nxc6 bxc6 13. Qa3 Qb6 14. Be3 Nb4 15. Qa4 c5 16. Bd2 Rfd8 17. a3 Nc6 18. Rb1 Nd4 19. e4 Nb3 20. Bf4 Rd4 21. Bc4 Na5 22. b3 Nxe4 23. Nb5 Nxc4 24. Nxd4 Bxd4 25. Qxc4 Bxf2+ 26. Kf1 Bd4 27. Re1 Nf2 28. Rg1 Qf6 29. Qd5 Rb8 30. Bxb8 Ne4+ 31. Ke2 Nc3+ 32. Kd3 Nxd5 33. Rgf1 Qa6+ 34. Ke4 Nf6+ 0-1